| 000 | 01359cam a2200409 i 4500 | ||
|---|---|---|---|
| 001 | 200468101 | ||
| 003 | TR-AnTOB | ||
| 005 | 20260414102513.0 | ||
| 007 | ta | ||
| 008 | 260414s1989 nmu 000 1 eng | ||
| 010 | _a 89020215 | ||
| 020 |
_a0913793116 _q(paperback) |
||
| 020 | _a9780913793114 | ||
| 035 | _a(CLU)1380702-ucladb-Voyager | ||
| 035 | _a(OCoLC)20261202 | ||
| 035 | _a(OCoLC)ocm20261202 | ||
| 035 | _a(EXLNZ-01UCS_NETWORK)9913030360506531 | ||
| 035 | _a(TR-AnTOB)200468101 | ||
| 040 |
_aDLC _beng _erda _cDLC _dBTCTA _dYDXCP _dOCLCF _dCHVBK _dOCLCO _dOCLCQ _dOCL _dOCLCO _dPUL _dOCLCO _dOCLCL _dTR-AnTOB |
||
| 041 | 0 | _aeng | |
| 043 | _an-us--- | ||
| 050 | 0 | 4 |
_aPS3557.H55 _bT4 1989 |
| 090 |
_aPS3557.H55 _bT4 1989 |
||
| 100 | 1 |
_aGhiselin, Olive _eauthor _4aut _9153639 |
|
| 245 | 1 | 4 |
_aThe testimony of Mr. Bones : _bstories / _cby Olive Ghiselin. |
| 250 | _aFirst edition. | ||
| 264 | 1 |
_aSanta Fe, N.M. : _bTeal Press, _c1989. |
|
| 300 |
_a151 pages ; _c24 cm |
||
| 336 |
_atext _btxt _2rdacontent |
||
| 337 |
_aunmediated _bn _2rdamedia |
||
| 338 |
_avolume _bnc _2rdacarrier |
||
| 651 | 0 |
_aUnited States _xSocial life and customs _y20th century _vFiction _95442 |
|
| 655 | 7 |
_aFiction _2lcgft _0http://id.loc.gov/authorities/genreForms/gf2014026339 _9151487 |
|
| 942 |
_2lcc _cBK |
||
| 999 |
_c200468101 _d86313 |
||